000 01102cam a22002651 4500
001 e 13001339
003 DLC
005 20260227111200.0
007 cr_|||||||||||
008 760809s1890 pau 000 0 eng
010 _ae 13001339
035 _a(OCoLC)2360455
040 _aDLC
_cPMilS
_dDLC
042 _apremarc
050 0 0 _aLA2317.H55
_bT7
245 0 0 _aTributes of loving memory to Elnathan Elisha Higbee,
_bfor nearly nine years state superintendent of public instruction of Pennsylvania, with biographical sketch and selections from his writings in prose and verse ...
260 _aLancaster, Pa.,
_bPennsylvania school journal,
_c1890.
300 _aiv, [5]-160 p., 1 l.
_bfront. (port.)
_c25 cm.
500 _aLettered on cover: Dr. Higbee memorial volume.
500 _aThe R. Theodore Bixlers' Collection of Lancaster Authors.
530 _aAlso available in digital form on the Internet Archive Web site.
600 1 0 _aHigbee, Elnathan Elisha,
_d1830-1889.
700 1 _aHigbee, Elnathan Elisha,
_d1830-1889.
856 4 1 _uhttp://hdl.loc.gov/loc.gdc/scd0001.00217218378
999 _c19536
_d19536